Word Ladder: GOP Crop Quiz Stats

Quiz Updated May 5, 2016

Challenge
Share
Tweet
Embed
Score 0/30 Timer 03:00
0 Plays Today
Hint Answer % Correct
To make a cakeBAKE
96.8%
Rolling Stones frontman JaggerMICK
96.6%
Two-wheeled vehicleBIKE
96.3%
1st, 2nd, 3rd, or home, in baseballBASE
96.1%
Ice skating locationRINK
95.9%
First name of 2016 GOP candidate Huckabee*MIKE*
95.8%
First name of 2016 GOP candidates Perry and Santorum*RICK*
95.4%
Last name of 2016 GOP candidate Jeb*BUSH*
94.1%
Nocturnal rodentsMICE
93.9%
Big partyBASH
91.3%
Brother of AbelCAIN
90.9%
Physical suffering or discomfortPAIN
89.8%
BucketPAIL
88.9%
Outer covering of cornHUSK
88.7%
Bruce Banner's alter egoHULK
87.6%
Hint Answer % Correct
Outer covering of a fruitRIND
87.3%
To play music on the streetBUSK
84.8%
Mötley _____CRÜE
84%
Education that is both male and femaleCOED
82.2%
Stop, in GermanHALT
80.1%
Last name of 2016 GOP candidate, with #1*PAUL*
79.7%
Last name of 2016 GOP candidate Ted*CRUZ*
76.2%
Dexter actor Michael C.HALL
75.1%
To drag with forceHAUL
74.6%
Filmmaker Joel or EthanCOEN
74.4%
First name of 2016 GOP candidate, with #20*RAND*
73.5%
With 'street', a level of respect in urban areasCRED
72.3%
French city of William the ConquerorCAEN
70.3%
Business school with 6 global locationsHULT
68.7%
Native American tribeCREE
68.5%

Today's Daily Dose

You're not logged in!

Compare scores with friends on all Sporcle quizzes.
Join for Free
OR
Log In

You Might Also Like...

Show Comments

Extras

Top Quizzes Today


Score Distribution

Your Account Isn't Verified!

In order to create a playlist on Sporcle, you need to verify the email address you used during registration. Go to your Sporcle Settings to finish the process.

Report this User

Report this user for behavior that violates our Community Guidelines.

Details: